| 000 | 00815cam a22002295a 4500 | ||
|---|---|---|---|
| 001 | 18769599 | ||
| 005 | 20161123191731.0 | ||
| 008 | 150903s2015 enka frb f001 0 eng d | ||
| 020 | _a9781107443792 | ||
| 040 |
_aYDXCP _beng _cYDXCP _dOCLCO _dZWZ _dOCLCF _dDLC _dEG-ScBUE |
||
| 082 | 0 | 4 |
_a330.0151 _222 _bSOR |
| 100 | 1 |
_aSorger, Gerhard, _d1961- |
|
| 245 | 1 | 0 |
_aDynamic economic analysis : _bdeterministic models in discrete time / _cGerhard Sorger. |
| 260 |
_aCambridge : _bCambridge Univrsity Press, _c2015. |
||
| 300 |
_axvi, 286 p. : _bill. ; _c25 cm. |
||
| 504 | _aIncludes bibliographical references and index. | ||
| 650 | 7 |
_aEconomics _xMathematical models. _2BUEsh _94003 |
|
| 650 | 7 |
_aDynamics. _2BUEsh _918728 |
|
| 650 | 7 |
_aDiscrete-time systems. _2BUEsh _932479 |
|
| 653 |
_bBUSECO _cNovember2016 |
||
| 942 | _2ddc | ||
| 999 |
_c23305 _d23277 |
||